01092nam a2200277 a 450000100060000000300080000600500170001400800410003103500190007204000310009104100080012208200270013010000310015724501000018826000480028830000280033649000580036450400400042265000210046265000240048370000490050783000700055694200120062699900170063895201590065572304BD-RjUL20211209082238.0170416s1968 hiuab b 000 0 eng d a(BD-RjUL)72521 aDLC/ICUcICUdBD-RjULbeng aeng00a551.5184223bMIS 196810aMiller, Forrest R.921381410aStructure of an Arabian Sea summer monsoon system /cby Forrest R. Miler and R.N. Keshavamurthy aHonolulu :bEast-West Center Press,cc1968. a94 p. :bill. ;c29 cm.1 aHawaii Institute of Geophysics. Contributionvno. 196 aIncludes biblographical references. 0aMonsoons9213816 0aMeteorology92138171 aKeshavamurthy, R. N.,ejoint author.9213818 0aContribution (Hawaii Institute of Geophysics) ;vno. 196.9213822 2ddccBK c72304d72304 00102ddc40718NFICaRUCLbRUCLcReadingd1973-01-11eEuro bangladesh news agencyg90.00l0o551.5184 MIS 1968r2017-05-16 00:00:00tC-1w2017-05-16yBK